<?xml version="1.0" encoding="UTF-8" ?>
<collection xmlns="http://www.loc.gov/MARC21/slim"><record><leader>00902nam a2200205 c 4500</leader><controlfield tag="001">153744</controlfield><controlfield tag="003">Zü176</controlfield><controlfield tag="005">20170703115836.0</controlfield><datafield tag="035" ind1=" " ind2=" "><subfield code="a">(OCoLC)927719290</subfield></datafield><datafield tag="041" ind1=" " ind2=" "><subfield code="a">fre</subfield></datafield><datafield tag="100" ind1="1" ind2="0"><subfield code="a">Vallet, Édouard</subfield></datafield><datafield tag="245" ind1="0" ind2="0"><subfield code="a">Brief, Vercorin s / Sierre / Valais, 26 Décembre 1913, Monsieur le Dr. W. Wartmann Kunsthaus Zürich</subfield><subfield code="b">Cher Monsieur, ...</subfield><subfield code="c">Je vous prie d&apos;agreer cher Monsieur, avec tous mes remerciements, mes salutations empensées Edouard Vallet</subfield><subfield code="h">Manuskript</subfield></datafield><datafield tag="260" ind1=" " ind2=" "><subfield code="a">Vercorin</subfield><subfield code="c">1913</subfield></datafield><datafield tag="300" ind1=" " ind2=" "><subfield code="a">1 Blatt</subfield><subfield code="c">18 x 23,3 cm</subfield></datafield><datafield tag="600" ind1="1" ind2="7"><subfield code="a">Vallet, Édouard</subfield><subfield code="d">1876-1929</subfield><subfield code="x">Brief</subfield><subfield code="x">Handschrift</subfield><subfield code="2">gnd</subfield></datafield><datafield tag="610" ind1="2" ind2="7"><subfield code="a">Kunsthaus Zürich</subfield><subfield code="x">Ausstellung</subfield><subfield code="x">Geschäftsbrief</subfield><subfield code="2">gnd</subfield></datafield><datafield tag="700" ind1="1" ind2="0"><subfield code="a">Wartmann, Wilhelm </subfield><subfield code="d">1882-1970</subfield><subfield code="e">Adressat</subfield></datafield><datafield tag="710" ind1="2" ind2="0"><subfield code="a">Kunsthaus Zürich</subfield></datafield><datafield tag="852" ind1="4" ind2="0"><subfield code="a">CH-000273-5</subfield><subfield code="c">10.30.30.159.vallet.19131226</subfield></datafield><datafield tag="856" ind1="4" ind2="1"><subfield code="u">https://digital.kunsthaus.ch:443/viewer/image/153744/4/</subfield><subfield code="y">Kunsthaus Zürich Sammlungen online</subfield></datafield></record></collection>